| 000 | 005820000a22001810004500 | ||
|---|---|---|---|
| 090 |
_aAR _b00441 |
||
| 245 | 1 | 0 | _aScrotal melanins in bats (<Chiroptera>): description, distribution and function |
| 650 | 1 | 4 |
_aMurciélagos _92659 |
| 650 | 1 | 4 |
_aHistología _951699 |
| 650 | 1 | 4 |
_aReproducción animal _987770 |
| 650 | 1 | 4 |
_aPigmentos animales _993409 |
| 653 |
_fChiroptera _gLavia _eLavia frons |
||
| 041 | 0 | _aInglés | |
| 700 | 1 |
_aTimm, Robert M. _993403 |
|
| 100 | 1 |
_aKermott, L. H. _993410 |
|
| 942 | _cARTICULO | ||
| 773 | 1 |
_tJournal Zoological Society of London _3175 _h214 _q519-532 _d1988 |
|
| 999 |
_c9537 _d9537 |
||